1990s Music Trivia #1 - Statistics

General Stats
  • This quiz has been taken 50,904 times
  • The average score is 10 of 20
Answer Stats
Question Answer % Correct
What feuding rappers were killed in drive-by shootings? Tupac Shakur
93%
What feuding rappers were killed in drive-by shootings? The Notorious B.I.G.
79%
What 17 year old singer dressed up as a sexy Catholic schoolgirl and said she would be a virgin until marriage? Britney Spears
77%
What city was considered the hub of grunge music? Seattle
71%
What band featured brothers Liam and Noel Gallagher? Oasis
68%
Who believed he could fly? R. Kelly
58%
What #1 rap song starts "As I walk through the valley of the shadow of death"? Gangsta's Paradise
56%
What country did Ace of Base hail from? Sweden
54%
What was the last name of brothers Isaac, Taylor, and Zac? Hanson
51%
What Alanis Morissette album has sold more copies in the U.S. than any other album released in the 1990s? {Jagged} Little Pill
48%
Who tore up a picture of the pope? Sinead O'Connor
47%
What band was too sexy for their shirt, their cat, Milan, New York, and Japan? Right Said Fred
45%
What was the nickname of TLC rapper Lisa Lopes? Left Eye
44%
Who was the lead singer of Limp Bizkit? Fred Durst
40%
What album by Green Day sold over 10 million units? Dookie
38%
What singer had thirteen #1 hits during the decade? (Her first was "Vision of Love") Mariah Carey
38%
What British electronic group had a name that meant "the genius child"? The {Prodigy}
34%
Who cooked MC's like a pound of bacon? Vanilla Ice
27%
What alternative rock festival was started in 1991 as a Jane's Addiction farewell tour? Lollapalooza
25%
What women's music festival was started by Sarah McLachlan? {Lilith} Fair
22%
No matching quizzes found
Score Distribution
Percent of People with Each Score
Percentile by Number Answered
Your Score History
You have not taken this quiz